Culture générale par lettre - W. - Statistiques

Statistiques générales
  • Ce quiz a été pris 3 287 fois
  • Le résultat moyen est 12 sur 15
Statistiques - réponses
Questions Réponses % Correct
Capitale des États-Unis. Washington
100%
Nom de la bataille dirigée par l'armée de Napoléon 1er le 18 juin 1815. Waterloo
96%
Prénom du fils ainé du Prince Charles, époux de Kate Middleton. William
96%
Sport collectif aquatique opposant deux formations de sept joueurs. Water-polo
95%
Actrice britannique, devenue célèbre en jouant, le rôle d'Hermione Granger, dans la série des films Harry Potter. Emma Watson
89%
Systèmes d’exploitation destinés au PC crée par Microsoft. Windows
88%
Nom de l'orque qu'il faut "sauvez" dans un film en 1994. Willy
87%
Prénom du petit ourson, ami de Bourriquet et Porcinet. Winnie.
87%
Console de jeu de salon lancée par Nintendo en 2006. Wii
85%
Marque déposée par l'entreprise Sony qui historiquement désigne les baladeurs à cassette. Walkman
73%
Aussi appelé "organisateur de mariage" en Français, c'est le métier d'une personne qui propose un service d'accompagnement (ou coaching) dans l'organisation de mariages. Wedding planner
72%
Espèce de mammifères herbivores, il fait partie des plus grands cervidés du monde avec le sambar mais après l'élan ou orignal. Wapiti
63%
Collectivité d'outre-mer française, formée de trois royaumes coutumiers polynésiens et située dans l’hémisphère sud. Son chef-lieu est Mata Utu. Wallis et Futuna
60%
Chanteur Français interprète de "Double je" et "Jacques a dit". Christophe Willem
59%
Artiste américain né le 6 août 1928 à Pittsburgh en Pennsylvanie et mort le 22 février 1987 à New York, un des principaux représentants du pop art. Andy Warhol
58%
Aucun quiz correspondant
Distribution des résultats
% des personnes avec chaque résultat
Percentile par nombre de réponses
Votre historique - résultats
Vous n’avez pas pris ce quiz